Les joueurs du septuplé de l'Olympique Lyonnais - Statistiques

Statistiques générales
  • Ce quiz a été pris 899 fois
    860 depuis la dernière actualisation
  • Le résultat moyen est 28 sur 70
Statistiques - réponses
Année Poste Joueurs % Correct
2002 2003 2004 20052006 2007 2008 G Grégory Coupet
99%
2002 2003 2004 20052006 2007 2008 M Juninho
98%
2005 2006 2007 2008 D Cris
93%
2005 2006 2007 2008 A Karim Benzema
91%
2002 2003 2004 2005 2006 2007 2008 A Sidney Govou
91%
2004 2005 2006 2007 2008 D Anthony Réveillère
85%
2002 2003 2004 2005 2006 2007 D Claudio Cacapa
79%
2004 2005 M Michael Essien
78%
2003 2004 2006 2007 2008 G Rémy Vercoutre
78%
2002 2003 A Sonny Anderson
78%
2008 D Cléber Anderson
77%
2004 2005 2006 2007 M Florent Malouda
76%
2005 2006 2007 2008 M Hatem Ben Arfa
73%
2007 M Alou Diarra
71%
2003 2004 2005 2006 2007 M Mahamadou Diarra
71%
2005 2006 2007 D Eric Abidal
69%
2006 2007 2008 A Fred
69%
2005 2006 2007 A Sylvain Wiltord
64%
2007 2008 M Kim Kallstrom
59%
2006 2007 2008 D François Clerc
56%
2007 2008 M Jérémy Toulalan
56%
2006 2007 A John Carew
54%
2006 2007 M Tiago
54%
2005 A Nilmar
47%
2002 2003 2004 2007 2008 D Patrick Muller
45%
2002 2003 2004 M Eric Carrière
44%
2008 D Fabio Grosso
44%
2002 2003 2004 D Edmilson
42%
2008 D Jean Alain Boumsong
39%
2007 2008 D Sébastien Squillaci
38%
2004 A Giovane Elber
37%
2006 M Benoit Pedretti
35%
2004 2005 2006 2007 D Jérémy Berthod
34%
2008 A Kader Keita
34%
2002 2003 2004 A Péguy Luyindula
34%
2002 M Pierre Laigle
34%
2008 M Mathieu Bodmer
33%
2008 A César Delgado
31%
2002 2003 M Philippe Violeau
31%
2005 A Pierre Alain Frau
30%
2002 2003 2004 M Vikash Dhorasoo
28%
2002 2003 2004 D Christophe Delmotte
27%
2002 2003 D Jérémie Bréchet
26%
2003 2004 2005 G Nicolas Puydebois
26%
2002 2003 A Tony Vairelles
25%
2002 2003 2004 D Eric Deflandre
24%
2007 A Milan Baros
24%
2003 2004 2005 A Bryan Bergougnoux
23%
2007 M Fabio Santos
22%
2007 A Loic Rémy
21%
2004 2005 2006 M Jérémy Clément
20%
2002 2003 D Florent Laville
19%
2002 A Steve Marlet
19%
2003 M Florent Balmont
18%
2002 M Marc Vivien Foé
18%
2002 M David Linarés
17%
2002 2003 A Frédéric Née
17%
2002 2003 D Jean Marc Chanelet
17%
2005 D Lamine Diatta
16%
2002 D Jacek Bak
15%
2008 A Anthony Mounier
14%
2008 D Nadir Belhadj
12%
2003 2004 A Julien Viale
11%
2008 M Marc Crosas
11%
2002 G Angelo Hugues
6%
2003 2005 D Yohan Gomez
5%
2003 M Alexandre Hauw
4%
2007 A Grégory Bettiol
4%
2004 D Romain Sartre
4%
2003 D Laurent Montoya
2%
Aucun quiz correspondant
Distribution des résultats
% des personnes avec chaque résultat
Percentile par nombre de réponses
Votre historique - résultats
Vous n’avez pas pris ce quiz depuis la dernière actualisation